00654nam a22002177a 450000500170000001000130001702000220003003500130005203700160006504000120008108200160009324501050010926000370021427000460025130000240029750000190032165000230034065000350036370000220039870000160042020170124110041.0 aA-684718 c00.00a0863113478 aA-684718 bCen Lib/Ret aDPLbEN a883.08bIMA aImage of India in the Indian novel in english 1960-1985 /cedited by Sudhakar Pandey [and] R.Raj Rao aHyderabad bOrient Longmanc1993 a3-6-272,Himayat NagarbHyderabad e500029 aix,143p. c20cm(Hb) aIncludes index aEnglish Literature aIndic fiction - EnglishzIndia aPandey, Sudhakar  aRao, R.Raj